000 01770nam a2200289 a 4500
001 1690010
003 AM-YEHGA
005 20250702094034.0
008 200205s2019 ai c||||r|||| 000 mdarm|d
020 _a978-9939-75-439-0
040 _aAM-YEHGA
041 0 _aarm
100 1 _aՄարմարեան, Արսէն
245 1 0 _aԶօրավար Անդրանիկ եւ իր պատերազմները ։
_b[Ժողովածու] /
_cԱ․ Մարմարեան (Լեւոն Թիւթիւնճեան-Վահան Թոթովենց) ; Յաւելուածը կազմեց եւ խմբագրեց՝ Յ․ Նալպանտեան․
260 _aԵրևան :
_b[Էդիթ Պրինտ],
_c2019․
300 _a654 էջ ;
_c24 սմ․
490 0 _aՅովսէփ եւ Գարոլին Նալպանտեան մատենաշար
500 _aԱրսեն Մարմարեան = (Լեւոն Թիւթիւնճեան-Վահան Թոթովենց):
500 _aՁօն հայազգի մեծագոյն եւ անկրկնելի Զօրավար Անդրանիկին ծննդեան 155 ամեակին առթիւ։ Կազմին՝ Անդրանիկի դիմանկարը։
504 _aՕգտագործուած աղբիւրներ՝ էջ 637-638։ Անձնանունների ցանկ՝ էջ 639-649։ Մատենաշարով լոյս ընծայուած հրատարակություններ՝ էջ 650-654։
546 _aԲնագիրը՝ արևմտահայերեն
600 0 4 _aԱնդրանիկ,
_q(Օզանյան Անդրանիկ Թորոսի),
_d1875-1927
_9990
650 1 4 _aՀայ պատմական գործիչներ
700 1 _aԱւետիս, Ռազմիկ
_eառաջաբանի հեղ․
_4aui
700 1 _aՆալպանտեան, Յովսէփ,
_eկազմող
_4com
_eխմբագիր
_4edt
_d1958-
942 _2udc
_cBK
999 _c535029
_d535029